[Event "Seefeld op 17th"]
[Site "Seefeld"]
[Date "2006.09.27"]
[Round "5"]
[White "Waibl, Herbert"]
[Black "Stojanovic, Milorad"]
[Result "1/2-1/2"]
[WhiteElo "2026"]
[BlackElo "1690"]
[PlyCount "131"]
[EventDate "2006.09.23"]
[EventType "swiss"]
[EventRounds "9"]
[EventCountry "AUT"]
[SourceTitle "EXT 2009"]
[Source "ChessBase"]
[SourceDate "2008.11.26"]
[SourceVersion "1"]
[SourceVersionDate "2008.11.26"]
[SourceQuality "1"]

1. f4 d6 2. Nf3 Nc6 3. e3 e5 4. fxe5 dxe5 5. Nc3 Bd6 6. Bb5 Nge7 7. b3 Bg4 8. h3 Bh5 9. g4 Bg6 10. Bb2 e4 11. Nd4 Bg3+ 12. Ke2 Bh4 13. Qf1 a6 14. Bxc6+ Nxc6 15. Nxc6 bxc6 16. Qg2 Qe7 17. d4 0-0 18. Na4 f5 19. Raf1 Rf7 20. Nc5 a5 21. Bc3 Qd6 22. Be1 Bxe1 23. Kxe1 f4 24. Qh2 Raf8 25. c3 f3 26. Qxd6 cxd6 27. Ne6 Rb8 28. Kf2 Rf6 29. Nf4 Bf7 30. h4 a4 31. b4 Bxa2 32. Ra1 Bb3 33. Nh5 Rf7 34. Ng3 d5 35. Nf1 Ra7 36. Nd2 Rba8 37. Ra3 Bc2 38. Rc1 Bb3 39. Rca1 Bc4 40. Nxc4 dxc4 41. R1a2 Kf7 42. Ra1 Ke6 43. Rb1 Rb7 44. Rba1 Kd7 45. Rxa4 Rxa4 46. Rxa4 Kd6 47. Ra5 Re7 48. Rg5 g6 49. Ra5 h6 50. Ra6 Rb7 51. Ra5 Re7 52. Ra8 Ke6 53. Ra6 Kd6 54. b5 Rc7 55. b6 Rb7 56. Kf1 c5 57. dxc5+ Kxc5 58. Ra5+ Kd6 59. Rb5 Ke6 60. Rb4 Kd5 61. Rb5+ Kd6 62. Kf2 Ke6 63. Rb4 Kd5 64. Rb5+ Kd6 65. Kf1 Ke6 66. Rb4 1/2-1/2

[Event "Seefeld op 17th"]
[Site "Seefeld"]
[Date "2006.09.26"]
[Round "4"]
[White "Abraham, Helmut"]
[Black "Waibl, Herbert"]
[Result "1/2-1/2"]
[WhiteElo "1461"]
[BlackElo "2026"]
[PlyCount "28"]
[EventDate "2006.09.23"]
[EventType "swiss"]
[EventRounds "9"]
[EventCountry "AUT"]
[SourceTitle "EXT 2009"]
[Source "ChessBase"]
[SourceDate "2008.11.26"]
[SourceVersion "1"]
[SourceVersionDate "2008.11.26"]
[SourceQuality "1"]

1. Nf3 g6 2. c4 Bg7 3. d4 d6 4. Nc3 c6 5. e3 f5 6. Bd3 Nf6 7. 0-0 0-0 8. b3 Na6 9. Bb2 Qe8 10. Rc1 Nc7 11. Re1 d5 12. Ne5 Ne4 13. f4 Bf6 14. Nxe4 dxe4 1/2-1/2

[Event "Seefeld op 17th"]
[Site "Seefeld"]
[Date "2006.09.25"]
[Round "3"]
[White "Platzgummer, Peter"]
[Black "Waibl, Herbert"]
[Result "1-0"]
[WhiteElo "1933"]
[BlackElo "2026"]
[PlyCount "39"]
[EventDate "2006.09.23"]
[EventType "swiss"]
[EventRounds "9"]
[EventCountry "AUT"]
[SourceTitle "EXT 2009"]
[Source "ChessBase"]
[SourceDate "2008.11.26"]
[SourceVersion "1"]
[SourceVersionDate "2008.11.26"]
[SourceQuality "1"]

1. e4 g6 2. d4 Bg7 3. Nc3 d6 4. Be3 b6 5. f3 Bb7 6. Qd2 e6 7. 0-0-0 Nd7 8. h4 h5 9. Nh3 Qe7 10. Nb5 Nb8 11. Bg5 f6 12. Be3 e5 13. dxe5 fxe5 14. Ng5 a6 15. Nxc7+ Qxc7 16. Qxd6 Qxd6 17. Rxd6 Ne7 18. Bc4 Nbc6 19. Bxb6 Bh6 20. Rhd1 1-0

[Event "Seefeld op 15th"]
[Site "Seefeld"]
[Date "2004.09.25"]
[Round "8"]
[White "Waibl, Herbert"]
[Black "Urban, Rudolf"]
[Result "1/2-1/2"]
[WhiteElo "2015"]
[BlackElo "2068"]
[PlyCount "21"]
[EventDate "2004.09.18"]
[EventType "swiss"]
[EventRounds "9"]
[EventCountry "AUT"]
[SourceTitle "EXT 2005"]
[Source "ChessBase"]
[SourceDate "2004.11.15"]
[SourceVersion "1"]
[SourceVersionDate "2004.11.15"]
[SourceQuality "1"]

1. f4 Nf6 2. b3 d5 3. Nf3 Bf5 4. Bb2 e6 5. e3 Bd6 6. Be2 h6 7. 0-0 Nbd7 8. a4 0-0 9. Nc3 c6 10. Kh1 Bg4 11. Qe1 1/2-1/2

[Event "Seefeld op 13th"]
[Site "Seefeld"]
[Date "2002.09.18"]
[Round "5"]
[White "Waibl, Herbert"]
[Black "Plock, Christian"]
[Result "1/2-1/2"]
[WhiteElo "1807"]
[BlackElo "1757"]
[PlyCount "37"]
[EventDate "2002.09.14"]
[EventType "swiss"]
[EventRounds "9"]
[EventCountry "AUT"]
[SourceTitle "EXT 2007"]
[Source "ChessBase"]
[SourceDate "2006.11.23"]
[SourceVersion "1"]
[SourceVersionDate "2006.11.23"]
[SourceQuality "1"]

1. f4 d5 2. b3 e6 3. Bb2 Nf6 4. e3 Nbd7 5. Nf3 b6 6. Bb5 a6 7. Bc6 Ra7 8. Qe2 Bd6 9. 0-0 0-0 10. Bxd7 Bxd7 11. d3 c5 12. Nbd2 Bc6 13. Ne5 Be8 14. Rf3 Bxe5 15. Bxe5 Ng4 16. Raf1 f5 17. h3 Nxe5 18. fxe5 Raf7 19. Qe1 1/2-1/2

[Event "Seefeld op 13th"]
[Site "Seefeld"]
[Date "2002.09.17"]
[Round "4"]
[White "Ritter, Uwe"]
[Black "Waibl, Herbert"]
[Result "1-0"]
[WhiteElo "2107"]
[BlackElo "1807"]
[PlyCount "113"]
[EventDate "2002.09.14"]
[EventType "swiss"]
[EventRounds "9"]
[EventCountry "AUT"]
[SourceTitle "EXT 2007"]
[Source "ChessBase"]
[SourceDate "2006.11.23"]
[SourceVersion "1"]
[SourceVersionDate "2006.11.23"]
[SourceQuality "1"]

1. e4 g6 2. d4 Bg7 3. c4 d6 4. Nc3 c6 5. Nf3 Nh6 6. Be2 0-0 7. h3 f6 8. Be3 Nf7 9. Qd2 Bd7 10. 0-0 Qc8 11. Nh2 Na6 12. f4 e5 13. fxe5 dxe5 14. Ng4 exd4 15. Bxd4 Bxg4 16. Bxg4 Qd8 17. Rad1 Qe7 18. Qf2 Ne5 19. Bxa7 Nxg4 20. hxg4 Qe6 21. Bb6 Qxg4 22. Qf3 Qe6 23. c5 Qe5 24. Qf4 Qxf4 25. Rxf4 Rae8 26. Rf3 Rf7 27. a3 Rfe7 28. Rd6 Re5 29. b4 f5 30. exf5 gxf5 31. Rd7 R5e7 32. Rd1 Re1+ 33. Rxe1 Rxe1+ 34. Kf2 Bxc3 35. Rxc3 Re7 36. Rd3 Kf7 37. Bd8 Re4 38. Bg5 Kg6 39. Bc1 Re7 40. Rd6+ Kf7 41. Bg5 Re4 42. Rd7+ Kg6 43. Bd2 Rc4 44. Rxb7 Rc2 45. Ke2 Ra2 46. Rb6 Rxa3 47. b5 Nxc5 48. Rxc6+ Kh5 49. Rxc5 Kg4 50. Rc3 Ra7 51. Be3 Re7 52. Kf2 f4 53. Bc5 Rd7 54. Rc2 h5 55. b6 h4 56. Rb2 Rb7 57. Bd6 1-0

[Event "Seefeld op 12th"]
[Site "Seefeld"]
[Date "2001.09.23"]
[Round "9"]
[White "Wilke, Dieter"]
[Black "Waibl, Herbert"]
[Result "1/2-1/2"]
[WhiteElo "2126"]
[BlackElo "1792"]
[PlyCount "24"]
[EventDate "2001.09.15"]
[EventType "swiss"]
[EventRounds "9"]
[EventCountry "AUT"]
[SourceTitle "EXT 2002"]
[Source "ChessBase"]
[SourceDate "2001.11.25"]
[SourceVersion "1"]
[SourceVersionDate "2001.11.25"]
[SourceQuality "1"]

1. Nf3 f5 2. d4 g6 3. c4 Bg7 4. Nc3 Nf6 5. g3 d6 6. Bg2 0-0 7. 0-0 c6 8. Qc2 Nh5 9. d5 e5 10. dxe6 Bxe6 11. Qd3 Na6 12. Ng5 Qe7 1/2-1/2

[Event "Seefeld op 12th"]
[Site "Seefeld"]
[Date "2001.09.19"]
[Round "5"]
[White "Thielen, Dankward"]
[Black "Waibl, Herbert"]
[Result "1-0"]
[WhiteElo "2120"]
[BlackElo "1792"]
[PlyCount "89"]
[EventDate "2001.09.15"]
[EventType "swiss"]
[EventRounds "9"]
[EventCountry "AUT"]
[SourceTitle "EXT 2002"]
[Source "ChessBase"]
[SourceDate "2001.11.25"]
[SourceVersion "1"]
[SourceVersionDate "2001.11.25"]
[SourceQuality "1"]

1. e4 g6 2. d4 Bg7 3. Nc3 c6 4. Nf3 d6 5. Be2 Nh6 6. 0-0 0-0 7. h3 f6 8. a4 a5 9. Be3 e5 10. Bc4+ Nf7 11. Qd2 Qe7 12. Rfd1 Be6 13. d5 cxd5 14. Nxd5 Bxd5 15. Bxd5 Rd8 16. Bb6 Rd7 17. Bxa5 Nc6 18. Bb6 Bf8 19. Qc3 Rc8 20. Qb3 Ncd8 21. a5 Kg7 22. Ra4 Ng5 23. Nxg5 fxg5 24. Rc4 Rxc4 25. Qxc4 h5 26. Rd3 g4 27. hxg4 hxg4 28. b4 Qg5 29. Be3 Qh4 30. Qc8 Qe7 31. Bg5 Qe8 32. Bxd8 Qxd8 33. Qxd8 Rxd8 34. Rc3 Kf6 35. Rc7 Bh6 36. g3 Bd2 37. c3 Rb8 38. b5 Kg5 39. Kf1 Rf8 40. Ke2 Rf3 41. a6 bxa6 42. bxa6 Bxc3 43. a7 Bd4 44. a8Q Rxf2+ 45. Ke1 1-0

[Event "Seefeld op 12th"]
[Site "Seefeld"]
[Date "2001.09.15"]
[Round "1"]
[White "Eibersberger, Manfred"]
[Black "Waibl, Herbert"]
[Result "1/2-1/2"]
[WhiteElo "2186"]
[BlackElo "1792"]
[PlyCount "30"]
[EventDate "2001.09.15"]
[EventType "swiss"]
[EventRounds "9"]
[EventCountry "AUT"]
[SourceTitle "EXT 2002"]
[Source "ChessBase"]
[SourceDate "2001.11.25"]
[SourceVersion "1"]
[SourceVersionDate "2001.11.25"]
[SourceQuality "1"]

1. c4 f5 2. e4 d6 3. exf5 Bxf5 4. d4 g6 5. Bd3 Bxd3 6. Qxd3 Bg7 7. Nf3 Nf6 8. Nc3 0-0 9. 0-0 Qd7 10. Bd2 Nh5 11. Rae1 Nc6 12. Re4 Rae8 13. Rfe1 Nd8 14. Bg5 Nf6 15. Bxf6 exf6 1/2-1/2